ARRUPE JESUIT UNIVERSITY

CORONAVIRUS -STOP THE SPREAD - CLEAN,DISINFECT,COVER

Galileo : (Record no. 122668)

MARC details
000 -LEADER
fixed length control field 00840mam a2200301ui 4500
001 - CONTROL NUMBER
control field 2258086
003 - CONTROL NUMBER IDENTIFIER
control field ARRUPE
005 - DATE AND TIME OF LATEST TRANSACTION
control field 20150416132549.0
008 - FIXED-LENGTH DATA ELEMENTS--GENERAL INFORMATION
fixed length control field 821005s1974 ilu b 001 0 eng
010 ## - LIBRARY OF CONGRESS CONTROL NUMBER
LC control number 73092023
020 ## - INTERNATIONAL STANDARD BOOK NUMBER
International Standard Book Number 0226750051
035 ## - SYSTEM CONTROL NUMBER
System control number (OCoLC)1146689
035 ## - SYSTEM CONTROL NUMBER
System control number (OCoLC)ocm01146689
035 ## - SYSTEM CONTROL NUMBER
System control number (NNC)2258086
040 ## - CATALOGING SOURCE
Transcribing agency Arrupe
050 0# - LIBRARY OF CONGRESS CALL NUMBER
Classification number QB36.G2
Item number S45
082 00 - DEWEY DECIMAL CLASSIFICATION NUMBER
Classification number 520/.92/4
300 ## - PHYSICAL DESCRIPTION
Dimensions 21 cm.
100 1# - MAIN ENTRY--PERSONAL NAME
Personal name Shapere, Dudley.
9 (RLIN) 17198
245 00 - TITLE STATEMENT
Title Galileo :
Remainder of title a philosophical study /
Statement of responsibility, etc Dudley Shapere.
260 ## - PUBLICATION, DISTRIBUTION, ETC. (IMPRINT)
Place of publication, distribution, etc Chicago :
Name of publisher, distributor, etc University of Chicago Press,
Date of publication, distribution, etc 1974.
300 ## - PHYSICAL DESCRIPTION
Extent xi, 161 p. ;
500 ## - GENERAL NOTE
General note Includes index.
504 ## - BIBLIOGRAPHY, ETC. NOTE
Bibliography, etc Bibliography: p. 155-158.
600 10 - SUBJECT ADDED ENTRY--PERSONAL NAME
Personal name Galilei, Galileo,
Dates associated with a name 1564-1642.
9 (RLIN) 11368
650 #0 - SUBJECT ADDED ENTRY--TOPICAL TERM
Topical term or geographic name as entry element Astronomy
General subdivision Philosophy.
9 (RLIN) 17199
942 ## - ADDED ENTRY ELEMENTS (KOHA)
Source of classification or shelving scheme Library of Congress Classification
Koha item type Monograph ( Printed materials)
Holdings
Withdrawn status Lost status Source of classification or shelving scheme Damaged status Not for loan Collection code Home library Current library Shelving location Date acquired Total Checkouts Full call number Barcode Date last seen Date checked out Price effective from Koha item type
    Library of Congress Classification     Main Collection ARRUPE LIBRARY ARRUPE LIBRARY Main Collection 16/04/2015 1 QB36.G2 S45 46500002426 02/07/2019 06/02/2017 16/04/2015 Monograph ( Printed materials)

 

Arrupe Library. PO Box MP320 Mt Pleasant, Harare, Zimbabwe
263 242 745411|librarian@aju.ac.zw